000 00406nam a2200157Ia 4500
003 GCL
008 140319s9999 xx 000 0 eng d
040 _aGCL /
_cGCL
082 0 4 _a621.381
_bFM
100 1 _aFAISSLER, WILLIAM
245 1 0 _aMODERN ELECTRONICS /
_cFAISSLER, WILLIAM
260 _a[S.N] :
_bJOHN WILEY AND SONS. INC ،
_c1992
300 _a512 P
650 0 4 _aELECTRONICS
942 _2ddc
_cBK
999 _c20101
_d20101